[Event "Podgorica Buducnost op"]
[Site "Podgorica"]
[Date "2022.04.16"]
[Round "2"]
[White "Scekic, Veljko"]
[Black "Mitric, Nebojsa"]
[Result "1-0"]
[WhiteElo "2185"]
[BlackElo "1795"]
[PlyCount "121"]
[EventDate "2022.04.15"]
[EventType "swiss"]
[EventRounds "5"]
[EventCountry "MNE"]
[SourceTitle "EXT 2023"]
[Source "ChessBase"]
[SourceDate "2022.10.05"]
[SourceVersion "1"]
[SourceVersionDate "2022.10.05"]
[SourceQuality "1"]

1. Nf3 d5 2. c4 c6 3. b3 Nf6 4. Bb2 g6 5. g3 Bg7 6. Bg2 0-0 7. 0-0 Nbd7 8. Qc2 Re8 9. d4 Ne4 10. Rd1 e6 11. Nbd2 f5 12. e3 Ndf6 13. Ne5 Nxd2 14. Qxd2 Ne4 15. Qc2 Bd7 16. f3 Nd6 17. Nd3 Rc8 18. Re1 Nf7 19. Rad1 a6 20. e4 b5 21. Nc5 Bf8 22. exd5 cxd5 23. f4 bxc4 24. bxc4 dxc4 25. Nxd7 Qxd7 26. d5 c3 27. dxe6 Qa7+ 28. Kh1 cxb2 29. exf7+ Qxf7 30. Qxb2 Bg7 31. Rxe8+ Qxe8 32. Qb6 Qe2 33. Qb3+ Kh8 34. h4 h5 35. Kh2 Kh7 36. Rd7 Kh6 37. Rxg7 Rc2 38. Qb7 Qxg2+ 39. Qxg2 Rxg2+ 40. Kxg2 Kxg7 41. Kf3 Kf6 42. Ke3 Ke6 43. Kd4 Kd6 44. a3 a5 45. a4 Kc6 46. Kc4 Kd6 47. Kb5 Kd5 48. Kxa5 Ke4 49. Kb4 Kf3 50. a5 Kxg3 51. a6 Kxf4 52. a7 Kg4 53. a8Q Kxh4 54. Qf3 g5 55. Qxf5 g4 56. Kc4 g3 57. Kd3 g2 58. Qf4+ Kh3 59. Qf2 Kh2 60. Qh4+ Kg1 61. Ke3 1-0

[Event "MNT-ch 74th"]
[Site "Podgorica"]
[Date "2022.02.19"]
[Round "1"]
[White "Mitric, Nebojsa"]
[Black "Tomic, Aleksandar1111"]
[Result "0-1"]
[WhiteElo "1862"]
[BlackElo "2324"]
[PlyCount "134"]
[EventDate "2022.02.19"]
[EventType "swiss"]
[EventRounds "9"]
[EventCountry "MNE"]
[SourceTitle "EXT 2023"]
[Source "ChessBase"]
[SourceDate "2022.10.05"]
[SourceVersion "1"]
[SourceVersionDate "2022.10.05"]
[SourceQuality "1"]

1. d4 Nf6 2. Nf3 d6 3. g3 g6 4. Bg2 Bg7 5. 0-0 0-0 6. Nbd2 Nc6 7. c4 e5 8. d5 Ne7 9. e4 Nd7 10. Ne1 f5 11. f3 Bh6 12. Nb3 Bxc1 13. Rxc1 b6 14. Nd3 Nf6 15. Nd2 Nh5 16. Qe2 a5 17. a4 f4 18. g4 Nf6 19. b3 g5 20. h3 Kg7 21. Kf2 Rh8 22. Rh1 h5 23. Rcg1 c6 24. Bf1 Bd7 25. Bg2 Be8 26. Rc1 cxd5 27. exd5 Bg6 28. Ne4 Bxe4 29. fxe4 hxg4 30. hxg4 Qd7 31. Bf3 Ng6 32. Rcg1 Nh4 33. Ke1 Rh6 34. Nf2 Rah8 35. Qd3 Qc8 36. Ke2 Qc5 37. Rd1 Nd7 38. Qc3 Ng6 39. Rxh6 Rxh6 40. Rh1 Rxh1 41. Bxh1 Qa3 42. Nh3 Kf6 43. Kd2 Qa2+ 44. Qc2 Qa1 45. Bg2 Nc5 46. Qc3 Qa2+ 47. Qc2 Nxb3+ 48. Kc3 Qxc2+ 49. Kxc2 Nc5 50. Nf2 Nxa4 51. Bf1 Nc5 52. Be2 Kg7 53. Bf3 Nh4 54. Bh1 Kf6 55. Nd1 f3 56. Nf2 Ke7 57. Kd2 Ng2 58. Kc3 Kd7 59. Kd2 Kc7 60. Kc3 Kb7 61. Kd2 b5 62. cxb5 Kb6 63. Nh3 Nxe4+ 64. Kd3 Nc5+ 65. Kd2 e4 66. Nxg5 e3+ 67. Kc3 f2 0-1

[Event "Podgorica Buducnost op"]
[Site "Podgorica"]
[Date "2021.11.19"]
[Round "1"]
[White "Tomic, Aleksandar1111"]
[Black "Mitric, Nebojsa"]
[Result "1-0"]
[WhiteElo "2327"]
[BlackElo "1867"]
[PlyCount "29"]
[EventDate "2021.11.19"]
[EventType "swiss"]
[EventRounds "5"]
[EventCountry "MNE"]
[SourceTitle "CBM 205 Extra"]
[Source "ChessBase"]
[SourceDate "2022.01.31"]
[SourceVersion "1"]
[SourceVersionDate "2022.01.31"]
[SourceQuality "1"]

1. d4 d5 2. c4 c6 3. Nc3 Nf6 4. Nf3 Bf5 5. cxd5 cxd5 6. Qb3 b6 7. Bf4 a6 8. e3 e6 9. Qa4+ Nbd7 10. Bxa6 Nh5 11. Ne5 Nxf4 12. exf4 Bb4 13. Qxb4 Rxa6 14. Nc6 Qf6 15. Nb5 1-0

[Event "EU-ch Amateur U2000"]
[Site "Niksic"]
[Date "2018.06.15"]
[Round "2"]
[White "Krzysztynska, Anna"]
[Black "Mitric, Nebojsa"]
[Result "1-0"]
[WhiteElo "1758"]
[BlackElo "1898"]
[PlyCount "53"]
[EventDate "2018.06.14"]
[EventType "swiss"]
[EventRounds "9"]
[EventCountry "MNE"]
[SourceTitle "EXT 2019"]
[Source "ChessBase"]
[SourceDate "2018.10.10"]
[SourceVersion "1"]
[SourceVersionDate "2018.10.10"]
[SourceQuality "1"]

1. d4 d5 2. Bf4 Nf6 3. Nf3 e6 4. e3 c5 5. c3 Nc6 6. Bd3 Be7 7. Nbd2 c4 8. Bc2 b5 9. a3 a5 10. 0-0 Bb7 11. Qe2 Nh5 12. Ne5 Nxf4 13. exf4 Nxe5 14. fxe5 Qb6 15. f4 g6 16. Kh1 f5 17. exf6 Bxf6 18. f5 0-0 19. fxg6 h6 20. Nf3 Rae8 21. Ne5 Qc7 22. Nf7 Kg7 23. Qh5 Rxf7 24. gxf7 Qxf7 25. Qg4+ Kh8 26. Bg6 Rg8 27. Bxf7 1-0

[Event "MNT-ch sf"]
[Site "Niksic"]
[Date "2017.02.20"]
[Round "6"]
[White "Mitric, Nebojsa"]
[Black "Lakusic, Zoran"]
[Result "0-1"]
[WhiteElo "1922"]
[BlackElo "1700"]
[PlyCount "72"]
[EventDate "2017.02.17"]
[EventType "swiss"]
[EventRounds "7"]
[EventCountry "MNE"]
[SourceTitle "CBM 177 Extra"]
[Source "ChessBase"]
[SourceDate "2017.04.27"]
[SourceVersion "1"]
[SourceVersionDate "2017.04.27"]
[SourceQuality "1"]

1. d4 Nf6 2. Nf3 d5 3. g3 Bg4 4. Bg2 e6 5. 0-0 Bd6 6. b3 0-0 7. Bb2 b5 8. Nbd2 Nbd7 9. c4 bxc4 10. bxc4 Rb8 11. Bc3 Bxf3 12. Bxf3 Bb4 13. Qc2 Bxc3 14. Qxc3 c6 15. c5 Re8 16. e4 dxe4 17. Bxe4 Nd5 18. Qa3 a5 19. Rab1 Qc7 20. Nc4 Ra8 21. Nd6 Reb8 22. Qf3 f5 23. Bxf5 exf5 24. Qxf5 N7f6 25. Qe6+ Kf8 26. Rfe1 Qd7 27. Qe5 Nc3 28. Rxb8+ Rxb8 29. Kg2 Rb2 30. Re3 Rxf2+ 31. Kg1 Rc2 32. d5 Rc1+ 33. Kg2 Ncxd5 34. Rb3 Nb4 35. a3 Rc2+ 36. Kf1 Qh3+ 0-1

[Event "Cetinje op"]
[Site "Cetinje"]
[Date "2016.05.10"]
[Round "9"]
[White "Mitric, Nebojsa"]
[Black "Rabrenovic, Vladan"]
[Result "0-1"]
[WhiteElo "1890"]
[BlackElo "2381"]
[PlyCount "102"]
[EventDate "2016.05.04"]
[EventType "swiss"]
[EventRounds "9"]
[EventCountry "MNE"]
[SourceTitle "CBM 172 Extra"]
[Source "ChessBase"]
[SourceDate "2016.06.21"]
[SourceVersion "1"]
[SourceVersionDate "2016.06.21"]
[SourceQuality "1"]

1. d4 Nf6 2. Nf3 g6 3. g3 Bg7 4. Bg2 0-0 5. 0-0 d5 6. Nbd2 a5 7. a4 Bf5 8. c3 Qc8 9. Ne5 Bh3 10. f3 Bxg2 11. Kxg2 c5 12. e3 Ne8 13. f4 e6 14. h4 Nd6 15. h5 f6 16. Nd3 Nd7 17. hxg6 hxg6 18. Qg4 Kf7 19. Rh1 c4 20. Nf2 Rh8 21. Rxh8 Qxh8 22. Nf3 f5 23. Qh3 Qxh3+ 24. Kxh3 b5 25. Ne5+ Bxe5 26. fxe5 Nb7 27. axb5 a4 28. Kg2 Nb6 29. Bd2 Na5 30. Ra3 Nb3 31. Be1 Ra5 32. Kf1 g5 33. Ke2 Rxb5 34. Kd1 Ra5 35. Nh3 Kg6 36. Ng1 Ra8 37. Ne2 Kh5 38. Bf2 Kg4 39. Ng1 Rh8 40. Ke1 Rh2 41. Ne2 Kf3 42. Ng1+ Kg2 43. g4 fxg4 44. e4 dxe4 45. d5 Nxd5 46. Rxa4 e3 47. Bxe3 Nxe3 48. Ke2 Nd5 49. Rxc4 Nf4+ 50. Ke3 Kxg1 51. Rc8 Re2# 0-1

[Event "Cetinje op"]
[Site "Cetinje"]
[Date "2016.05.08"]
[Round "7"]
[White "Mitric, Nebojsa"]
[Black "Jokic, Miodrag"]
[Result "1-0"]
[WhiteElo "1890"]
[BlackElo "2100"]
[PlyCount "131"]
[EventDate "2016.05.04"]
[EventType "swiss"]
[EventRounds "9"]
[EventCountry "MNE"]
[SourceTitle "CBM 172 Extra"]
[Source "ChessBase"]
[SourceDate "2016.06.21"]
[SourceVersion "1"]
[SourceVersionDate "2016.06.21"]
[SourceQuality "1"]

1. d4 d5 2. Nf3 Nf6 3. g3 g6 4. Bg2 Bg7 5. 0-0 0-0 6. Nbd2 Nbd7 7. b3 h6 8. Bb2 c6 9. c4 e6 10. Qc2 Re8 11. h3 g5 12. g4 Nf8 13. Ne5 N6d7 14. e3 Nxe5 15. dxe5 Ng6 16. f4 Qb6 17. c5 Qc7 18. Rf2 Bd7 19. Nf1 Nh4 20. Bh1 Rf8 21. Ng3 f5 22. Nh5 Be8 23. Nf6+ Kh8 24. Raf1 Bg6 25. Qd2 Qe7 26. b4 Rxf6 27. exf6 Bxf6 28. Bxf6+ Qxf6 29. Qd4 Kg7 30. fxg5 hxg5 31. Qxf6+ Kxf6 32. e4 dxe4 33. Bxe4 Rd8 34. b5 Rd4 35. bxc6 bxc6 36. Bxc6 Rc4 37. Re1 Rxc5 38. Bd7 Bf7 39. gxf5 exf5 40. Re3 Bd5 41. Ba4 f4 42. Rd3 Be4 43. Rd6+ Ke5 44. Rd7 Rc1+ 45. Rf1 Rxf1+ 46. Kxf1 Bg2+ 47. Kf2 Bxh3 48. Rxa7 g4 49. Bc6 g3+ 50. Ke2 Bg4+ 51. Kf1 Be6 52. Ra4 Bh3+ 53. Ke2 Nf5 54. Re4+ Kd6 55. Bb7 Bg4+ 56. Ke1 Ne3 57. Rxf4 Bc8 58. Ba8 Be6 59. a4 Nd5 60. Rh4 Ne3 61. Rh6 Nf5 62. Rg6 Ke5 63. a5 Bf7 64. Rg5 Kf4 65. Rxf5+ Kxf5 66. a6 1-0

[Event "Podgorica Buducnost op 2nd"]
[Site "Podgorica"]
[Date "2016.03.22"]
[Round "4"]
[White "Vukovic, Nemanja"]
[Black "Mitric, Nebojsa"]
[Result "0-1"]
[WhiteElo "2235"]
[BlackElo "1911"]
[PlyCount "99"]
[EventDate "2016.03.19"]
[EventType "swiss"]
[EventRounds "7"]
[EventCountry "MNE"]
[SourceTitle "CBM 171 Extra"]
[Source "ChessBase"]
[SourceDate "2016.04.26"]
[SourceVersion "1"]
[SourceVersionDate "2016.04.26"]
[SourceQuality "1"]

1. d4 d5 2. c4 c6 3. Nc3 Bf5 4. Nf3 Nf6 5. Bg5 Nbd7 6. e3 e6 7. cxd5 exd5 8. Bd3 Bg6 9. 0-0 Bd6 10. Re1 0-0 11. Qd2 Re8 12. h3 Nf8 13. Rad1 h6 14. Bh4 Bxd3 15. Qxd3 Ng6 16. Bxf6 Qxf6 17. a3 Bc7 18. Nd2 Re7 19. Re2 Rae8 20. Rde1 Qd6 21. g3 h5 22. Nf1 Qe6 23. Kg2 f5 24. f4 h4 25. b3 hxg3 26. Nxg3 Nh4+ 27. Kf1 Qg6 28. Kf2 Kf7 29. Rg1 Qh7 30. b4 Rg8 31. Kf1 g5 32. Rf2 g4 33. hxg4 Rxg4 34. Ke2 Qg6 35. Rh1 Rxg3 36. Rxh4 Rexe3+ 37. Qxe3 Rxe3+ 38. Kxe3 Qg3+ 39. Ke2 Qxh4 40. b5 Bxf4 41. bxc6 bxc6 42. Na2 Qg4+ 43. Kf1 Qd1+ 44. Kg2 Qxd4 45. Nb4 Qe4+ 46. Kf1 d4 47. Re2 Qh1+ 48. Kf2 Be3+ 49. Rxe3 dxe3+ 50. Kxe3 0-1

[Event "MNT-ch sf"]
[Site "Podgorica"]
[Date "2014.07.26"]
[Round "5"]
[White "Sobic, Dragan"]
[Black "Mitric, Nebojsa"]
[Result "1-0"]
[WhiteElo "1968"]
[BlackElo "1976"]
[PlyCount "81"]
[EventDate "2014.07.24"]
[EventType "swiss"]
[EventRounds "7"]
[EventCountry "MNE"]
[SourceTitle "CBM 161 Extra"]
[Source "ChessBase"]
[SourceDate "2014.08.29"]
[SourceVersion "1"]
[SourceVersionDate "2014.08.29"]
[SourceQuality "1"]

1. e4 c5 2. c3 Nf6 3. e5 Nd5 4. Nf3 e6 5. Be2 d6 6. 0-0 Nc6 7. d4 dxe5 8. dxe5 Qc7 9. c4 Nde7 10. Nc3 a6 11. Ne4 Nf5 12. Bf4 Nfd4 13. Nxd4 Nxd4 14. Re1 Be7 15. Nd6+ Bxd6 16. exd6 Qb6 17. b3 0-0 18. Bd3 g6 19. h4 f6 20. h5 e5 21. Bg3 Bf5 22. hxg6 hxg6 23. Bxf5 Nxf5 24. Qg4 Kf7 25. Rad1 Rad8 26. f4 Rxd6 27. fxe5 Rxd1 28. Rxd1 Rd8 29. Bf2 Rxd1+ 30. Qxd1 Nd4 31. exf6 Qxf6 32. Qg4 Qf5 33. Qxf5+ gxf5 34. Bxd4 cxd4 35. Kf2 Ke6 36. Ke2 Kd6 37. b4 b6 38. Kd3 Ke5 39. a4 a5 40. bxa5 bxa5 41. g3 1-0

[Event "MNT-ch sf"]
[Site "Podgorica"]
[Date "2014.07.24"]
[Round "1"]
[White "Nikac, Predrag"]
[Black "Mitric, Nebojsa"]
[Result "1-0"]
[WhiteElo "2323"]
[BlackElo "1976"]
[PlyCount "55"]
[EventDate "2014.07.24"]
[EventType "swiss"]
[EventRounds "7"]
[EventCountry "MNE"]
[SourceTitle "CBM 161 Extra"]
[Source "ChessBase"]
[SourceDate "2014.08.29"]
[SourceVersion "1"]
[SourceVersionDate "2014.08.29"]
[SourceQuality "1"]

1. e4 e5 2. Nf3 d6 3. Bc4 Be7 4. d4 exd4 5. Nxd4 Nf6 6. Nc3 a6 7. 0-0 0-0 8. h3 Nc6 9. Nxc6 bxc6 10. f4 Be6 11. Bd3 Re8 12. Qf3 Nd7 13. Be3 f6 14. Rad1 Bf8 15. Ne2 c5 16. b3 Qe7 17. Bf2 Nb6 18. c4 Nd7 19. Nc3 Nb6 20. Bg3 Red8 21. Rfe1 Qd7 22. Bh4 Be7 23. Nd5 Nxd5 24. exd5 Bf7 25. Qe4 Re8 26. Qxh7+ Kf8 27. Qh8+ Bg8 28. Re6 1-0

[Event "MNT-chT1"]
[Site "Cetinje"]
[Date "2013.09.07"]
[Round "5"]
[White "Prijovic, Bojan"]
[Black "Mitric, Nebojsa"]
[Result "0-1"]
[WhiteElo "2018"]
[BlackElo "1983"]
[PlyCount "86"]
[EventDate "2013.08.30"]
[EventType "team-tourn"]
[EventRounds "9"]
[EventCountry "MNE"]
[SourceTitle "CBM 156 Extra"]
[Source "ChessBase"]
[SourceDate "2013.10.22"]
[SourceVersion "1"]
[SourceVersionDate "2013.10.22"]
[SourceQuality "1"]

1. e4 c5 2. Nf3 Nc6 3. d4 cxd4 4. Nxd4 d6 5. Nc3 a6 6. Be3 g6 7. a4 Bg7 8. Be2 Nf6 9. 0-0 0-0 10. Qd2 Bd7 11. f3 Rb8 12. Rfd1 Qc7 13. Nxc6 Bxc6 14. a5 Nd7 15. Bd4 Bxd4+ 16. Qxd4 Nf6 17. f4 e5 18. Qxd6 Qxd6 19. Rxd6 Ne8 20. Rd2 exf4 21. h4 h6 22. Rad1 Nf6 23. Bf3 Rfe8 24. Nd5 Kg7 25. Rd4 Re5 26. b4 g5 27. hxg5 hxg5 28. Nxf6 Kxf6 29. c4 Rbe8 30. Rd5 Bxd5 31. exd5 Re1+ 32. Kf2 Rxd1 33. Bxd1 Re3 34. Be2 Rb3 35. b5 axb5 36. cxb5 Ke5 37. a6 bxa6 38. bxa6 Ra3 39. Bc4 g4 40. Ke1 Kd6 41. Ke2 Kc5 42. d6 Kxd6 43. Bxf7 Rxa6 0-1

[Event "MNT-chT1"]
[Site "Cetinje"]
[Date "2013.09.01"]
[Round "3"]
[White "Stamatovic, Vladimir"]
[Black "Mitric, Nebojsa"]
[Result "0-1"]
[WhiteElo "1903"]
[BlackElo "1983"]
[PlyCount "46"]
[EventDate "2013.08.30"]
[EventType "team-tourn"]
[EventRounds "9"]
[EventCountry "MNE"]
[SourceTitle "CBM 156 Extra"]
[Source "ChessBase"]
[SourceDate "2013.10.22"]
[SourceVersion "1"]
[SourceVersionDate "2013.10.22"]
[SourceQuality "1"]

1. e4 c5 2. Nf3 Nc6 3. Nc3 d6 4. Bc4 e6 5. 0-0 Nf6 6. d4 cxd4 7. Nxd4 Be7 8. Nxc6 bxc6 9. f4 d5 10. exd5 exd5 11. Bd3 Qb6+ 12. Kh1 0-0 13. Qf3 Re8 14. b3 Ba6 15. Na4 Qb7 16. Bb2 Bxd3 17. cxd3 Nd7 18. Rac1 Bf6 19. Ba3 Rac8 20. Rc2 Bd4 21. Bc1 Re7 22. Re2 Rce8 23. Rfe1 Qb4 0-1

[Event "MNT-chT1"]
[Site "Cetinje"]
[Date "2013.08.31"]
[Round "2"]
[White "Mitric, Nebojsa"]
[Black "Avedisovic, Sergej"]
[Result "0-1"]
[WhiteElo "1983"]
[BlackElo "1981"]
[PlyCount "136"]
[EventDate "2013.08.30"]
[EventType "team-tourn"]
[EventRounds "9"]
[EventCountry "MNE"]
[SourceTitle "CBM 156 Extra"]
[Source "ChessBase"]
[SourceDate "2013.10.22"]
[SourceVersion "1"]
[SourceVersionDate "2013.10.22"]
[SourceQuality "1"]

1. d4 Nf6 2. Nf3 g6 3. c4 c5 4. e3 Bg7 5. Nc3 0-0 6. Bd3 Nc6 7. 0-0 cxd4 8. exd4 d5 9. h3 Nb4 10. a3 Nxd3 11. Qxd3 Bf5 12. Qe2 dxc4 13. Qxc4 Rc8 14. Qe2 Re8 15. Be3 Nd5 16. Nxd5 Qxd5 17. Rac1 Bd7 18. Rfe1 b6 19. Rxc8 Rxc8 20. Rc1 Rxc1+ 21. Bxc1 e6 22. Be3 Bc6 23. Qd2 Qe4 24. Ne1 Qb1 25. f3 Bf6 26. Kf2 Qf5 27. Qc2 Qd5 28. Qe2 h5 29. Nd3 Bxd4 30. Bxd4 Qxd4+ 31. Qe3 Qxe3+ 32. Kxe3 Kf8 33. h4 Ke7 34. g3 Kf6 35. f4 Kf5 36. Ne5 Be8 37. Nc4 Kf6 38. Nd6 Ke7 39. Nc4 f6 40. Kd4 Bb5 41. Nd2 Bc6 42. Nc4 Bd5 43. Ne3 Kd6 44. Nd1 e5+ 45. fxe5+ fxe5+ 46. Ke3 Ke6 47. Nc3 Bc6 48. Nd1 Kd5 49. Nf2 Kc4 50. Kd2 Kb3 51. Kc1 Kc4 52. Kd2 Kd4 53. Nh3 Ke4 54. Ng5+ Kf5 55. Ke3 Kg4 56. Nf7 Kxg3 57. Nxe5 Be8 58. Nf3 Ba4 59. Ne5 Bc2 60. Nf3 Bf5 61. b4 Bc2 62. Nd4 Bd1 63. Nb5 Kxh4 64. Nxa7 Kg3 65. Nc8 h4 66. Nd6 h3 67. Ne4+ Kg2 68. Nf2 h2 0-1

[Event "MNT-ch 65th"]
[Site "Cetinje"]
[Date "2013.07.27"]
[Round "8"]
[White "Mitric, Nebojsa"]
[Black "Kisic, Bozidar"]
[Result "1/2-1/2"]
[WhiteElo "1978"]
[BlackElo "2047"]
[PlyCount "86"]
[EventDate "2013.07.20"]
[EventType "swiss"]
[EventRounds "9"]
[EventCountry "MNE"]
[SourceTitle "CBM 155 Extra"]
[Source "ChessBase"]
[SourceDate "2013.08.26"]
[SourceVersion "1"]
[SourceVersionDate "2013.08.26"]
[SourceQuality "1"]

1. e4 g6 2. d4 Bg7 3. Nf3 d6 4. Bc4 Nf6 5. Nc3 c6 6. 0-0 b5 7. Bd3 0-0 8. h3 a6 9. Ne2 Bb7 10. Ng3 c5 11. c3 Nbd7 12. a4 c4 13. Bc2 e5 14. dxe5 dxe5 15. Be3 Qc7 16. Qe2 Nc5 17. Bxc5 Qxc5 18. Rfe1 Bh6 19. Nf1 Nh5 20. g3 Bc8 21. Kg2 Be6 22. Ne3 Rad8 23. Ng4 Bg7 24. Qe3 Qxe3 25. Rxe3 Bxg4 26. hxg4 Nf6 27. g5 Nd7 28. axb5 axb5 29. Ra5 Ra8 30. Rxb5 Rfb8 31. Rb4 Rxb4 32. cxb4 Ra2 33. Rc3 Nb6 34. b3 Bf8 35. bxc4 Bxb4 36. Bb3 Re2 37. Re3 Rxe3 38. fxe3 Nd7 39. Kf2 Bd6 40. Ke2 Nc5 41. Bc2 Kf8 42. Nh2 Ne6 43. Nf3 Nc5 1/2-1/2

[Event "MNT-ch sf"]
[Site "Cetinje"]
[Date "2008.06.01"]
[Round "8"]
[White "Draskovic, Luka"]
[Black "Mitric, Nebojsa"]
[Result "0-1"]
[WhiteElo "1985"]
[BlackElo "1954"]
[PlyCount "120"]
[EventDate "2008.05.28"]
[EventType "swiss"]
[EventRounds "9"]
[EventCountry "MNE"]
[SourceTitle "CBM 124 Extra"]
[Source "ChessBase"]
[SourceDate "2008.07.03"]
[SourceVersion "1"]
[SourceVersionDate "2008.07.03"]
[SourceQuality "1"]

1. e4 e6 2. d4 d5 3. exd5 exd5 4. Nf3 Bd6 5. Bd3 Bg4 6. 0-0 Ne7 7. Nbd2 Nbc6 8. c3 Qd7 9. b4 Bf5 10. Bxf5 Qxf5 11. Nb3 0-0 12. Bg5 h6 13. Bh4 Ng6 14. Bg3 Nf4 15. Bxf4 Qxf4 16. Qd2 Rfe8 17. Qxf4 Bxf4 18. Rfe1 b6 19. g3 Bd6 20. b5 Ne7 21. Re2 f6 22. a4 a5 23. Rae1 Kf7 24. Kf1 g5 25. Nc1 Ng6 26. Nd3 Rxe2 27. Rxe2 Re8 28. Rxe8 Kxe8 29. Nd2 Kd7 30. c4 dxc4 31. Nxc4 Ke6 32. Ne3 Ne7 33. f4 Bb4 34. Nxb4 axb4 35. Ke2 Nd5 36. f5+ Kd6 37. Nc4+ Kd7 38. Kd3 Nc3 39. Nb2 Kd6 40. Nc4+ Kd7 41. Nb2 c6 42. Kc4 Nd5 43. Nd3 Ne3+ 44. Kxb4 Nxf5 45. Kc3 cxb5 46. axb5 Ne3 47. Nb4 Kd6 48. Kd3 Nf1 49. Ke4 Nxh2 50. Kf5 Nf1 51. Kxf6 Nxg3 52. Kg6 Ne2 53. Kxh6 g4 54. Nc2 g3 55. Ne1 Kd5 56. Kg5 Kxd4 57. Kg4 Ke3 58. Kh3 Kf2 59. Nd3+ Kf1 60. Nf4 Nxf4+ 0-1

[Event "Podgorica Zeta CC-ch"]
[Site "Podgorica"]
[Date "2007.12.09"]
[Round "8"]
[White "Mitric, Nebojsa"]
[Black "Vujadinovic, Zeljko"]
[Result "1-0"]
[WhiteElo "1930"]
[BlackElo "1906"]
[PlyCount "113"]
[EventDate "2007.12.02"]
[EventType "tourn"]
[EventRounds "11"]
[EventCountry "MNE"]
[SourceTitle "EXT 2020"]
[Source "ChessBase"]
[SourceDate "2019.10.17"]
[SourceVersion "1"]
[SourceVersionDate "2019.10.17"]
[SourceQuality "1"]

1. e4 c6 2. d4 d5 3. exd5 cxd5 4. Nf3 Nf6 5. c3 e6 6. Bd3 Be7 7. Bf4 a6 8. 0-0 0-0 9. Nbd2 b5 10. a3 Bb7 11. b4 Nbd7 12. Nb3 Rc8 13. Nc5 Nxc5 14. bxc5 Ne4 15. Bxe4 dxe4 16. Nd2 Bd5 17. Qc2 f5 18. a4 Bg5 19. Be5 e3 20. Nf3 Bxf3 21. gxf3 Qd5 22. Qe2 exf2+ 23. Rxf2 Bf6 24. f4 Qb3 25. axb5 axb5 26. Qd3 b4 27. Rb1 Qxc3 28. Qxc3 bxc3 29. Rc2 Rfd8 30. Rb4 Bxe5 31. fxe5 Rb8 32. Rxb8 Rxb8 33. Rxc3 Kf7 34. Kf2 Ke7 35. h4 Kd7 36. Ra3 Kc6 37. Ra6+ Kd5 38. Rd6+ Ke4 39. Rxe6 Kxd4 40. Kf3 Kd5 41. Re7 g6 42. Kf4 h6 43. Rd7+ Kxc5 44. e6 Rb4+ 45. Ke5 Re4+ 46. Kf6 f4 47. e7 g5 48. hxg5 hxg5 49. Ra7 f3 50. Ra5+ Kd6 51. Ra6+ Kd7 52. Kxg5 Kxe7 53. Ra3 f2 54. Rf3 Re2 55. Kg4 Ke6 56. Kg3 Re3 57. Rxe3+ 1-0

[Event "Podgorica Zeta CC-ch"]
[Site "Podgorica"]
[Date "2007.12.06"]
[Round "5"]
[White "Stamatovic, Vladimir"]
[Black "Mitric, Nebojsa"]
[Result "1-0"]
[WhiteElo "2075"]
[BlackElo "1930"]
[PlyCount "69"]
[EventDate "2007.12.02"]
[EventType "tourn"]
[EventRounds "11"]
[EventCountry "MNE"]
[SourceTitle "EXT 2020"]
[Source "ChessBase"]
[SourceDate "2019.10.17"]
[SourceVersion "1"]
[SourceVersionDate "2019.10.17"]
[SourceQuality "1"]

1. d4 d5 2. c4 c6 3. Nc3 e6 4. e4 dxe4 5. f3 exf3 6. Nxf3 Nf6 7. Bg5 Bb4 8. Bd3 Nbd7 9. 0-0 Bxc3 10. bxc3 Qa5 11. Qc2 h6 12. Bh4 Nh5 13. Nd2 Nhf6 14. Rf3 c5 15. Raf1 0-0 16. Rxf6 Nxf6 17. Rxf6 gxf6 18. Bxf6 Re8 19. Nb3 Qb6 20. Qd2 e5 21. Qxh6 Qxf6 22. Qxf6 e4 23. Qg5+ Kf8 24. Qxc5+ Kg8 25. Qg5+ Kf8 26. Be2 b6 27. d5 Bd7 28. Qf4 Rad8 29. h4 Re7 30. h5 f5 31. Qh6+ Kg8 32. c5 Rf8 33. d6 Re6 34. Bc4 Rff6 35. Qxf6 1-0

[Event "Podgorica Zeta CC-ch"]
[Site "Podgorica"]
[Date "2007.12.03"]
[Round "2"]
[White "Mitric, Nebojsa"]
[Black "Vujosevic, Milos"]
[Result "1-0"]
[WhiteElo "1930"]
[BlackElo "2123"]
[PlyCount "87"]
[EventDate "2007.12.02"]
[EventType "tourn"]
[EventRounds "11"]
[EventCountry "MNE"]
[SourceTitle "EXT 2020"]
[Source "ChessBase"]
[SourceDate "2019.10.17"]
[SourceVersion "1"]
[SourceVersionDate "2019.10.17"]
[SourceQuality "1"]

1. d4 f5 2. Nf3 Nf6 3. c4 e6 4. Nc3 c6 5. Bg5 Be7 6. e3 0-0 7. Bd3 d5 8. Bxf6 Bxf6 9. 0-0 Qe7 10. Qc2 g6 11. a3 Nd7 12. b4 e5 13. cxd5 e4 14. Bc4 Kg7 15. Ne1 Nb6 16. Ba2 Bd7 17. dxc6 Bxc6 18. g3 Rac8 19. Qd2 a6 20. Ng2 g5 21. Rfc1 h5 22. Rab1 h4 23. gxh4 Rh8 24. b5 axb5 25. Nxb5 Nd5 26. Na7 Rc7 27. Nxc6 bxc6 28. Bxd5 cxd5 29. Rxc7 Qxc7 30. Rc1 Qd6 31. Qb4 Qa6 32. Rc7+ Kh6 33. hxg5+ Bxg5 34. a4 Rg8 35. Qb5 Qg6 36. Kf1 Bf6 37. Nf4 Qg4 38. Ke1 Qf3 39. Qe2 Qh1+ 40. Kd2 Qxh2 41. Rc6 Kg5 42. Nxd5 Bg7 43. Ne7 Bf6 44. Nxg8 1-0